| 000 | 00371nam a22001697a 4500 | ||
|---|---|---|---|
| 003 | OSt | ||
| 005 | 20210922115925.0 | ||
| 008 | 210922b |||||||| |||| 00| 0 eng d | ||
| 020 | _a9780078035258 | ||
| 040 | _chu | ||
| 082 | _a150/fel | ||
| 100 |
_arobert _96079 |
||
| 245 | _aundrstanding psychology | ||
| 260 |
_bhall _c2012 |
||
| 300 | _a567 | ||
| 942 |
_2ddc _cBOOKS _n0 |
||
| 999 |
_c5898 _d5898 |
||